Final report of the survey and settlement of Khandpara Feudatory State, Orissa, 1928-1931. (Record no. 81296)
[ view plain ]
| 000 -LEADER | |
|---|---|
| fixed length control field | 00880cam a22002411 4500 |
| 001 - CONTROL NUMBER | |
| control field | sa 68006387 |
| 003 - CONTROL NUMBER IDENTIFIER | |
| control field | DLC |
| 005 - DATE AND TIME OF LATEST TRANSACTION | |
| control field | 20260227112516.0 |
| 008 - FIXED-LENGTH DATA ELEMENTS--GENERAL INFORMATION | |
| fixed length control field | 710915q19601968ii 00000 eng |
| 010 ## - LIBRARY OF CONGRESS CONTROL NUMBER | |
| LC control number | sa 68006387 //r873 |
| 025 ## - OVERSEAS ACQUISITION NUMBER | |
| Overseas acquisition number | PL480:I-E-8560 |
| 043 ## - GEOGRAPHIC AREA CODE | |
| Geographic area code | a-ii--- |
| 050 0# - LIBRARY OF CONGRESS CALL NUMBER | |
| Classification number | HJ4387.K5 |
| Item number | A53 |
| 082 0# - DEWEY DECIMAL CLASSIFICATION NUMBER | |
| Classification number | 338.1/0954/13 |
| Edition number | 19 |
| 110 10 - MAIN ENTRY--CORPORATE NAME | |
| Corporate name or jurisdiction name as entry element | Khandpara (Princely State) |
| 245 10 - TITLE STATEMENT | |
| Title | Final report of the survey and settlement of Khandpara Feudatory State, Orissa, 1928-1931. |
| Statement of responsibility, etc. | Submitted by Biswambhar Mahanti, offg. superintendent. |
| 260 0# - PUBLICATION, DISTRIBUTION, ETC. | |
| Place of publication, distribution, etc. | Berhampur, Orissa, |
| Name of publisher, distributor, etc. | Printed at Sarada Press |
| Date of publication, distribution, etc. | [196-?] |
| 300 ## - PHYSICAL DESCRIPTION | |
| Extent | vi, 76 p. |
| Dimensions | 33 cm. |
| 350 ## - PRICE (NR) (BK AM CF MU VM SE) [OBSOLETE] | |
| Price | Rs1.27 |
| 650 #0 - SUBJECT ADDED ENTRY--TOPICAL TERM | |
| Topical term or geographic name entry element | Land value taxation |
| Geographic subdivision | India |
| -- | Khandpara (Princely State) |
| 650 #0 - SUBJECT ADDED ENTRY--TOPICAL TERM | |
| Topical term or geographic name entry element | Land tenure |
| Geographic subdivision | India |
| -- | Khandpara (Princely State) |
| 650 #0 - SUBJECT ADDED ENTRY--TOPICAL TERM | |
| Topical term or geographic name entry element | Agriculture |
| General subdivision | Economic aspects |
| Geographic subdivision | India |
| -- | Khandpara (Princely State) |
No items available.